MARC details
| 000 -LEADER |
| campo de control de longitud fija |
01733cam a2200529Ia 4500 |
| 001 - NÚMERO DE CONTROL |
| campo de control |
101961 |
| 005 - FECHA Y HORA DE LA ÚLTIMA TRANSACCIÓN |
| campo de control |
20230404130035.0 |
| 008 - DATOS DE LONGITUD FIJA--INFORMACIÓN GENERAL |
| campo de control de longitud fija |
100611s2010 sp a b 001 0bspa |
| 010 ## - NÚMERO DE CONTROL DE LA BIBLIOTECA DEL CONGRESO |
| Número de control de LC |
2010476303 |
| 035 ## - NÚMERO DE CONTROL DEL SISTEMA |
| Número de control de sistema |
(OCoLC)ocn656869197 |
| 040 ## - FUENTE DE CATALOGACIÓN |
| Centro catalogador/agencia de origen |
DLC |
| Centro/agencia transcriptor |
DLC |
| Centro/agencia modificador |
N15 |
| -- |
YDXCP |
| -- |
PIT |
| -- |
SAP |
| -- |
C3L |
| -- |
PL# |
| -- |
I5B |
| -- |
TEF |
| 019 ## - |
| -- |
639152502 |
| 020 ## - NÚMERO INTERNACIONAL ESTÁNDAR DEL LIBRO |
| Número Internacional Estándar del Libro |
9788434469303 (pbk.) |
| 020 ## - NÚMERO INTERNACIONAL ESTÁNDAR DEL LIBRO |
| Número Internacional Estándar del Libro |
8434469308 (pbk.) |
| 029 1# - OTRO NÚMERO DE CONTROL DE SISTEMA (OCLC) |
| Identificador de la biblioteca OCLC |
C3L |
| Número de control de sistema |
60702650 |
| 029 1# - OTRO NÚMERO DE CONTROL DE SISTEMA (OCLC) |
| Identificador de la biblioteca OCLC |
NLGGC |
| Número de control de sistema |
327675152 |
| 035 ## - NÚMERO DE CONTROL DEL SISTEMA |
| Número de control de sistema |
(OCoLC)656869197 |
| Número de control cancelado/no válido |
(OCoLC)639152502 |
| 037 ## - FUENTE DE ADQUISICIÓN |
| Fuente del número de adquisición |
Puvill;168478 :06.22.2010 |
| Condiciones de disponibilidad |
USD35,00 |
| 043 ## - CÓDIGO DE ÁREA GEOGRÁFICA |
| Código de área geográfica |
nwcu--- |
| 045 ## - PERIODO DE TIEMPO DEL CONTENIDO |
| Código de periodo de tiempo |
x4x- |
| 050 14 - SIGNATURA TOPOGRÁFICA DE LA BIBLIOTECA DEL CONGRESO |
| Número de clasificación |
107 F 1788.22 |
| Número de ítem |
C355B 2010 |
| 082 00 - NÚMERO DE LA CLASIFICACIÓN DECIMAL DEWEY |
| Número de clasificación |
972.9106/4 |
| 100 1# - ENTRADA PRINCIPAL--NOMBRE DE PERSONA |
| Nombre de persona |
Botín, Vicente. |
| 245 10 - MENCIÓN DEL TÍTULO |
| Título |
Raúl Castro : |
| Resto del título |
la pulga que cabalgó al tigre / |
| Mención de responsabilidad, etc. |
Vicente Botín. |
| 246 3# - FORMA VARIANTE DEL TITULO |
| Título propio/Titulo breve |
Pulga que cabalgó al tigre |
| 250 ## - MENCION DE EDICION |
| Mención de edición |
1. ed. |
| 260 ## - PUBLICACIÓN, DISTRIBUCIÓN, ETC. |
| Lugar de publicación, distribución, etc. |
Barcelona : |
| Nombre del editor, distribuidor, etc. |
Editorial Ariel, |
| Fecha de publicación, distribución, etc. |
c2010. |
| 300 ## - DESCRIPCIÓN FÍSICA |
| Extensión |
301 p. : |
| Otras características físicas |
ill. (some col.) ; |
| Dimensiones |
23 cm. |
| 490 1# - MENCIÓN DE SERIE |
| Mención de serie |
Ariel |
| 504 ## - NOTA DE BIBLIOGRAFÍA, ETC. |
| Nota de bibliografía, etc. |
Includes bibliographical references (p. 291-294) and index. |
| 600 10 - PUNTO DE ACCESO ADICIONAL DE MATERIA--NOMBRE DE PERSONA |
| Nombre de persona |
Castro Ruz, Raúl, |
| Fechas asociadas al nombre |
1930- |
| 650 #0 - PUNTO DE ACCESO ADICIONAL DE MATERIA--TÉRMINO DE MATERIA |
| Término de materia o nombre geográfico como elemento de entrada |
Heads of state |
| Subdivisión geográfica |
Cuba |
| Subdivisión de forma |
Biography. |
| 651 #0 - PUNTO DE ACCESO ADICIONAL DE MATERIA--NOMBRE GEOGRÁFICO |
| Nombre geográfico |
Cuba |
| Subdivisión general |
Politics and government |
| Subdivisión cronológica |
1959-1990. |
| 651 #0 - PUNTO DE ACCESO ADICIONAL DE MATERIA--NOMBRE GEOGRÁFICO |
| Nombre geográfico |
Cuba |
| Subdivisión general |
Politics and government |
| Subdivisión cronológica |
1990- |
| 650 #4 - PUNTO DE ACCESO ADICIONAL DE MATERIA--TÉRMINO DE MATERIA |
| Término de materia o nombre geográfico como elemento de entrada |
Jefes de estado |
| Subdivisión geográfica |
Cuba |
| Subdivisión de forma |
Biografía. |
| 651 #4 - PUNTO DE ACCESO ADICIONAL DE MATERIA--NOMBRE GEOGRÁFICO |
| Nombre geográfico |
Cuba |
| Subdivisión general |
Política |
| Subdivisión cronológica |
1959-1990. |
| 651 #4 - PUNTO DE ACCESO ADICIONAL DE MATERIA--NOMBRE GEOGRÁFICO |
| Nombre geográfico |
Cuba |
| Subdivisión general |
Política |
| Subdivisión cronológica |
1990-. |
| 653 ## - TÉRMINO DE INDIZACIÓN--NO CONTROLADO |
| Término no controlado |
Castro, Raúl. |
| 653 ## - TÉRMINO DE INDIZACIÓN--NO CONTROLADO |
| Término no controlado |
Cuba |
| -- |
Política y gobierno |
| -- |
Siglo XX. |
| 830 #0 - PUNTO DE ACCESO ADICIONAL DE SERIE-TÍTULO UNIFORME |
| Título uniforme |
Ariel. |
| 938 ## - |
| -- |
YBP Library Services |
| -- |
YANK |
| -- |
3427398 |
| 938 ## - |
| -- |
Casalini Libri |
| -- |
CASA |
| -- |
60702650 |
| -- |
21.00 EUR |
| 938 ## - |
| -- |
Puvill Libros |
| -- |
PUVL |
| -- |
9788434469303 |
| -- |
$30.82 |
| 942 ## - ELEMENTOS DE ENTRADA SECUNDARIOS (KOHA) |
| Fuente del sistema de clasificación o colocación |
Clasificación de Library of Congress |
| Tipo de ítem Koha |
|
| 946 ## - PROCESAMIENTO DE INFORMACIÓN LOCAL (OCLC) |
| a |
CV |
| 994 ## - |
| -- |
C0 |
| -- |
DRFGD |